Movies Quiz

Random Movies or Actor Quiz

Jim Carrey Movies By Image Quiz Stats

Quiz Updated May 15, 2013

Also try: 'Toy Story' Toys
Challenge
Share
Tweet
Score 0/20 Timer 05:00
5 Plays Today
% Correct
The Mask
96.3%
Ace Ventura: Pet Detective
95%
How the Grinch Stole Christmas
94.2%
Dumb and Dumber
89.3%
Liar Liar
81.1%
Bruce Almighty
79.4%
The Truman Show
66.5%
Lemony Snicket's A Series of Unfortunate Events
65.7%
A Christmas Carol
65.1%
Ace Ventura: When Nature Calls
64.9%
% Correct
The Cable Guy
55%
Batman Forever
54%
Eternal Sunshine of the Spotless Mind
49.3%
Man on the Moon
44.2%
Fun with Dick and Jane
40.8%
Me, Myself and Irene
40.6%
Yes Man
37.4%
The Number 23
34.2%
Earth Girls Are Easy
16.5%
I Love You Phillip Morris
15.1%

You're not logged in!

Compare scores with friends on all Sporcle quizzes.
Sign Up with Email
OR
Log In

You Might Also Like...

Show Comments

Extras

Top Quizzes Today


Score Distribution

Your Account Isn't Verified!

In order to create a playlist on Sporcle, you need to verify the email address you used during registration. Go to your Sporcle Settings to finish the process.